[Event "Sparkassen-Open A"]
[Site "Heusenstamm, Martinsee"]
[Date "2019.11.23"]
[Round "4.20"]
[White "Halabi, Ibrahim"]
[Black "Baltic, Fatih"]
[Result "0-1"]
[WhiteElo "1869"]
[BlackElo "2238"]
[PlyCount "100"]
[EventDate "2019.??.??"]
[WhiteTeam "SK Frankenthal"]
[BlackTeam "SV Mülheim-Nord"]

1. e4 e5 2. Nf3 Nc6 3. Bc4 Bc5 4. c3 Nf6 5. d3 d6 6. Nbd2 a5 7. a4 O-O 8. O-O
h6 9. h3 Re8 10. Qb3 Qe7 11. Re1 Nh5 12. Nf1 Qf6 13. N1h2 Nf4 14. Bxf4 Qxf4 15.
Rad1 Nd8 16. d4 exd4 17. cxd4 Bb4 18. Re2 c6 19. e5 dxe5 20. dxe5 Ne6 21. Qc2
Nc5 22. Rd4 Qf5 23. Qc1 Ne6 24. Rg4 Rd8 25. Bxe6 Qxe6 26. Nd4 Qd5 27. e6 Bxe6
28. Nxe6 Qd1+ 29. Qxd1 Rxd1+ 30. Nf1 fxe6 31. Rxe6 Kf7 32. Re2 Rad8 33. g3 Ra1
34. Kg2 Rxa4 35. Rf4+ Kg8 36. Ne3 Ra2 37. Nc4 b5 38. Ne5 Rd2 39. Ree4 Bd6 40.
Rf5 Rd5 41. f4 Rxb2+ 42. Kf3 Rb3+ 43. Kg4 Bxe5 44. fxe5 Rdd3 45. e6 Rxg3+ 46.
Kf4 Rbf3+ 47. Ke5 Rxf5+ 48. Kxf5 Rg5+ 49. Kf4 Kf8 50. Rd4 Ke7 0-1

[Event "Sparkassen-Open A"]
[Site "Heusenstamm, Martinsee"]
[Date "2019.11.23"]
[Round "4.21"]
[White "Schmittdiel, Eckhard"]
[Black "Iliev, Mustafa Batuhan"]
[Result "1-0"]
[WhiteElo "2412"]
[BlackElo "2017"]
[PlyCount "107"]
[EventDate "2019.??.??"]
[WhiteTeam "BCA Augsburg"]
[BlackTeam "SV Großauheim"]

1. e4 c5 2. c4 Nc6 3. Nc3 g6 4. d3 Bg7 5. g4 e6 6. Bg2 Nge7 7. Be3 Nd4 8. Nge2
d5 9. cxd5 exd5 10. Nf4 dxe4 11. dxe4 O-O 12. O-O Nec6 13. h3 b6 14. Nfd5 Ba6
15. Re1 Ne5 16. Rb1 Nd3 17. Rf1 Nb4 18. Nxb4 Bxf1 19. Kxf1 cxb4 20. Nd5 Nc6 21.
f4 f5 22. gxf5 gxf5 23. e5 Rc8 24. Qa4 Kh8 25. Rc1 Qe8 26. Nxb6 axb6 27. Rxc6
Qd7 28. Ke2 Ra8 29. Qb3 Ra6 30. Qc4 b5 31. Qxb5 Rxa2 32. Qxb4 Qf7 33. Bf3 Re8
34. Bd4 Qd7 35. Qc4 Ra1 36. Rc7 Qa4 37. Qxa4 Rxa4 38. Ke3 Rd8 39. Bc3 Kg8 40.
Bc6 Ra1 41. Bd7 Rf8 42. Be6+ Kh8 43. Rc8 Rxc8 44. Bxc8 Kg8 45. Be6+ Kf8 46.
Bb4+ Ke8 47. Bxf5 Bh6 48. Bd3 Kf7 49. Bc4+ Kg6 50. e6 Ra8 51. e7 Kf5 52. Bb5
Bxf4+ 53. Kf3 Be5 54. b3 1-0

[Event "Sparkassen-Open A"]
[Site "Heusenstamm, Martinsee"]
[Date "2019.11.23"]
[Round "4.22"]
[White "Waffenschmidt, Joachim"]
[Black "Gutman, Lev"]
[Result "0-1"]
[WhiteElo "2042"]
[BlackElo "2407"]
[PlyCount "110"]
[EventDate "2019.??.??"]
[WhiteTeam "SV Hofheim"]
[BlackTeam "SV Lingen"]

1. d4 c5 2. d5 g6 3. c4 Bg7 4. Nc3 Bxc3+ 5. bxc3 d6 6. e4 Nd7 7. Bd3 Ngf6 8.
Ne2 O-O 9. O-O Re8 10. f4 e6 11. h3 exd5 12. exd5 Ne4 13. Bxe4 Rxe4 14. Qd3 f5
15. Ng3 Re8 16. Bd2 Nf6 17. Rfe1 Bd7 18. Rxe8+ Qxe8 19. Re1 Qf7 20. Nh1 Re8 21.
Nf2 a6 22. Rb1 b5 23. cxb5 axb5 24. c4 bxc4 25. Qxc4 Qxd5 26. Qxd5+ Nxd5 27.
Rb7 Bc6 28. Ra7 Re2 29. Ra6 Be8 30. Ba5 Re6 31. g3 Kf7 32. Nd1 Ke7 33. Ra7+ Bd7
34. Kf2 Re4 35. Nc3 Nxc3 36. Bxc3 Ke6 37. Ra6 Ke7 38. Ra7 Rc4 39. Bg7 Ke6 40.
Ke3 Re4+ 41. Kf2 Ra4 42. Rxa4 Bxa4 43. Bf8 Kd5 44. Ke3 Kc6 45. g4 d5 46. Bg7
d4+ 47. Kd2 Kd5 48. gxf5 gxf5 49. h4 h6 50. Bf8 c4 51. Bb4 c3+ 52. Kd3 Bb5+ 53.
Kc2 Kc4 54. Ba5 d3+ 55. Kc1 d2+ 0-1

[Event "Sparkassen-Open A"]
[Site "Heusenstamm, Martinsee"]
[Date "2019.11.23"]
[Round "4.23"]
[White "Rempeli, Alex"]
[Black "Nothnagel, Marian Can"]
[Result "1/2-1/2"]
[WhiteElo "2076"]
[BlackElo "2364"]
[PlyCount "66"]
[EventDate "2019.??.??"]
[WhiteTeam "SF Deizisau"]
[BlackTeam "SV Griesheim"]

1. d4 Nf6 2. c4 g6 3. Nc3 Bg7 4. e4 O-O 5. Nf3 d6 6. h3 e5 7. d5 a5 8. Bg5 Na6
9. Be2 Qe8 10. g4 Nd7 11. a3 Nb6 12. Rg1 Kh8 13. Be3 Bd7 14. h4 f5 15. g5 fxe4
16. Nd2 Rf4 17. Bxf4 exf4 18. Ncxe4 Bxb2 19. Ra2 Bg7 20. Nf6 Bxf6 21. gxf6 Qf7
22. Qa1 Re8 23. Nf3 h6 24. h5 g5 25. Rxg5 hxg5 26. Nxg5 Qf8 27. Qb1 Qg8 28. Qg6
Qxg6 29. hxg6 Nc5 30. Nf7+ Kg8 31. Nh6+ Kh8 32. Nf7+ Kg8 33. Nh6+ Kh8 1/2-1/2

[Event "Sparkassen-Open A"]
[Site "Heusenstamm, Martinsee"]
[Date "2019.11.23"]
[Round "4.24"]
[White "Odendahl, Reiner"]
[Black "Gallasch, Robin"]
[Result "1-0"]
[WhiteElo "2351"]
[BlackElo "2072"]
[PlyCount "103"]
[EventDate "2019.??.??"]
[WhiteTeam "Elberfelder SG"]
[BlackTeam "SG Porz"]

1. c4 Nf6 2. Nc3 e6 3. e4 d5 4. e5 d4 5. exf6 dxc3 6. bxc3 Qxf6 7. Nf3 b6 8. d4
Bb7 9. Be2 Bd6 10. O-O h6 11. Be3 O-O 12. a4 a5 13. Qb3 Ba6 14. Rfd1 Nd7 15.
Nd2 e5 16. d5 Bb7 17. Ne4 Qe7 18. Nxd6 Qxd6 19. Qa3 Nc5 20. Rab1 Ba6 21. Rb2
Rae8 22. Bxc5 bxc5 23. Rb3 f5 24. Rdb1 e4 25. Qc1 f4 26. Bf1 e3 27. fxe3 fxe3
28. R3b2 Qf4 29. g3 Qe4 30. Qc2 Qe5 31. Qd3 Bc8 32. Re1 Bg4 33. Be2 Bf5 34. Qd1
Qxc3 35. Rb3 Qe5 36. Bh5 g6 37. Bg4 Qe4 38. Rbxe3 Qxe3+ 39. Rxe3 Rxe3 40. Qd2
Rfe8 41. Bxf5 gxf5 42. Kf2 f4 43. gxf4 R3e4 44. Kf3 Rd4 45. Qxa5 Ree4 46. Qxc7
Rxc4 47. a5 Re8 48. d6 Rf8 49. d7 Rd4 50. Ke3 Kh8 51. a6 Kg8 52. a7 1-0

[Event "Sparkassen-Open A"]
[Site "Heusenstamm, Martinsee"]
[Date "2019.11.23"]
[Round "4.25"]
[White "Foermes, Alexander"]
[Black "Krastev, Alexander"]
[Result "0-1"]
[WhiteElo "2074"]
[BlackElo "2330"]
[PlyCount "38"]
[EventDate "2019.??.??"]
[WhiteTeam "SK Marburg"]
[BlackTeam "Biebertaler SF"]

1. d4 Nf6 2. Bf4 e6 3. e3 b6 4. Qf3 Nc6 5. Nc3 Bb4 6. Nge2 Nd5 7. Bg3 Bb7 8.
Qg4 O-O 9. a3 f5 10. Qh3 Bxc3+ 11. Nxc3 Nxc3 12. bxc3 Ne7 13. Bd3 Rf6 14. Bf4
Rg6 15. f3 Nd5 16. Kd2 Nxf4 17. exf4 c5 18. Rhf1 Qc7 19. g3 Rc8 0-1

[Event "Sparkassen-Open A"]
[Site "Heusenstamm, Martinsee"]
[Date "2019.11.23"]
[Round "4.26"]
[White "Barzen, Pascal"]
[Black "Boder, Jan"]
[Result "1/2-1/2"]
[WhiteElo "2312"]
[BlackElo "2067"]
[PlyCount "30"]
[EventDate "2019.??.??"]
[WhiteTeam "SG Trier"]
[BlackTeam "SC ML Kastellaun"]

1. e4 c5 2. Nf3 Nc6 3. d4 cxd4 4. Nxd4 g6 5. Nc3 Bg7 6. Be3 Nf6 7. Bc4 Qa5 8.
O-O O-O 9. Nb3 Qd8 10. f4 d6 11. Kh1 Be6 12. Bxe6 fxe6 13. Nd4 Qb6 14. Na4 Qa5
15. Nc3 Qb6 1/2-1/2

[Event "Sparkassen-Open A"]
[Site "Heusenstamm, Martinsee"]
[Date "2019.11.23"]
[Round "4.27"]
[White "Laux, Dominik"]
[Black "Klundt, Klaus"]
[Result "0-1"]
[WhiteElo "2066"]
[BlackElo "2297"]
[PlyCount "54"]
[EventDate "2019.??.??"]
[WhiteTeam "VSG Offenbach"]
[BlackTeam "SC Heusenstamm"]

1. d4 Nf6 2. Bg5 d5 3. e3 e6 4. Nd2 c5 5. c3 Nc6 6. Ngf3 h6 7. Bh4 g5 8. Bg3
Nh5 9. Bd3 Nxg3 10. hxg3 cxd4 11. exd4 Bg7 12. Qe2 Qc7 13. g4 O-O 14. O-O-O e5
15. dxe5 Bxg4 16. Bc2 Nxe5 17. Qb5 Rfd8 18. Kb1 Rac8 19. Rhe1 d4 20. c4 a6 21.
Qa4 b5 22. Qxa6 d3 23. Bb3 bxc4 24. Nxe5 Bxd1 25. Bxd1 Bxe5 26. g4 c3 27. Nb3
d2 0-1

[Event "Sparkassen-Open A"]
[Site "Heusenstamm, Martinsee"]
[Date "2019.11.23"]
[Round "4.28"]
[White "Grabowski, Pawel"]
[Black "Minor, Viatcheslav"]
[Result "1-0"]
[WhiteElo "2271"]
[BlackElo "2060"]
[PlyCount "127"]
[EventDate "2019.??.??"]
[WhiteTeam "Godesberger SK"]
[BlackTeam "SV Eisenach"]

1. d4 Nf6 2. c4 e5 3. dxe5 Ng4 4. e4 Nxe5 5. f4 Nec6 6. Nf3 Bc5 7. Nc3 O-O 8.
Bd3 d6 9. Qe2 f6 10. Be3 Bxe3 11. Qxe3 Nd7 12. O-O Nc5 13. Bc2 Re8 14. Rae1 a5
15. Nd4 Nxd4 16. Qxd4 Bd7 17. e5 Bc6 18. exf6 Qxf6 19. Qxf6 gxf6 20. Bf5 Kg7
21. Nd5 Bxd5 22. cxd5 h6 23. Kf2 Rad8 24. Kf3 c6 25. Rxe8 Rxe8 26. Rd1 Rd8 27.
Kg4 Na6 28. Re1 Nb4 29. Re7+ Kf8 30. Rxb7 Nxd5 31. Be6 Ne7 32. f5 d5 33. Kf3 d4
34. Ke2 Nd5 35. Rf7+ Ke8 36. Bxd5 Rxd5 37. Rxf6 c5 38. b3 Re5+ 39. Kd3 Ke7 40.
Rxh6 Rxf5 41. a4 Rf2 42. Rc6 Rxg2 43. Rxc5 Rxh2 44. Kxd4 Rh4+ 45. Kc3 Rh3+ 46.
Kb2 Kd6 47. Rxa5 Kc6 48. Rg5 Kb6 49. Ka3 Rh4 50. Rg6+ Ka7 51. a5 Rf4 52. b4 Rh4
53. Ka4 Rh5 54. Rg7+ Ka8 55. a6 Rf5 56. b5 Rf4+ 57. Ka5 Rf5 58. Rd7 Rh5 59. Kb6
Rh6+ 60. Kc7 Ka7 61. Rd6 Rh7+ 62. Kc6 Rh1 63. Rd7+ Ka8 64. Rd8+ 1-0

[Event "Sparkassen-Open A"]
[Site "Heusenstamm, Martinsee"]
[Date "2019.11.23"]
[Round "4.29"]
[White "Zhou, Syang"]
[Black "Ochs, Daniel Elias"]
[Result "0-1"]
[WhiteElo "2256"]
[BlackElo "2055"]
[PlyCount "100"]
[EventDate "2019.??.??"]
[WhiteTeam "SF Deizisau"]
[BlackTeam "Wiesbadener SV"]

1. c4 e5 2. Nc3 Nf6 3. g3 Bc5 4. Bg2 Nc6 5. e3 d6 6. Nge2 O-O 7. O-O Re8 8. d3
Bf5 9. Na4 Bb6 10. Nxb6 axb6 11. Nc3 Qd7 12. Re1 h6 13. a3 Nd8 14. Nd5 Nxd5 15.
cxd5 c5 16. b3 b5 17. Bb2 b6 18. Qe2 Nb7 19. Bf1 Rac8 20. Rac1 Bg4 21. f3 Bh3
22. Bxh3 Qxh3 23. Qf1 Qd7 24. Rc2 b4 25. axb4 cxb4 26. Rxc8 Rxc8 27. d4 exd4
28. Bxd4 Nc5 29. Rb1 Ra8 30. e4 Ra2 31. Qc4 Qh3 32. Bb2 Qh5 33. g4 Qh3 34. Qf1
Qxf1+ 35. Kxf1 Nxb3 36. Ke2 b5 37. Ke3 f6 38. Bxf6 gxf6 39. Rxb3 Ra3 40. Rd3 b3
41. Kf4 b2 42. Rxa3 b1=Q 43. Kf5 Qc1 44. Ra8+ Kf7 45. Ra7+ Ke8 46. f4 Qc5 47.
Ra8+ Kf7 48. Rh8 Kg7 49. Re8 Qc7 50. e5 fxe5 0-1

[Event "Sparkassen-Open A"]
[Site "Heusenstamm, Martinsee"]
[Date "2019.11.23"]
[Round "4.30"]
[White "Hebbering, Tom Elliot"]
[Black "Stümer, Paul"]
[Result "1/2-1/2"]
[WhiteElo "2226"]
[BlackElo "2050"]
[PlyCount "117"]
[EventDate "2019.??.??"]
[WhiteTeam "SK Gernsheim"]
[BlackTeam "SV Bergneustadt/Derschlag"]

1. d4 Nf6 2. c4 g6 3. g3 Bg7 4. Bg2 O-O 5. Nc3 d6 6. Nf3 a6 7. O-O Nc6 8. b3
Rb8 9. d5 Ng4 10. Bb2 Nce5 11. Nd4 c5 12. dxc6 bxc6 13. Nxc6 Nxc6 14. Bxc6 Ne5
15. Bg2 Nxc4 16. Qc2 Nxb2 17. Qxb2 Qa5 18. Rac1 Be6 19. Qd2 Rfc8 20. Ne4 Qxd2
21. Nxd2 Bb2 22. Rxc8+ Rxc8 23. Be4 a5 24. Bd3 d5 25. Nf3 Bd7 26. Rb1 Bf6 27.
Kf1 e5 28. e4 Rc3 29. Ke2 Rxd3 30. Kxd3 dxe4+ 31. Ke3 exf3 32. Kxf3 Be7 33. Rc1
Kf8 34. Ke4 Bd6 35. Kd5 Ke7 36. Re1 f5 37. f3 Be8 38. g4 Kd7 39. gxf5 gxf5 40.
Kc4 Kc6 41. Rg1 e4 42. fxe4 fxe4 43. Rg5 Bg6 44. Rxa5 e3 45. Rg5 Bxh2 46. Rg2
Bc7 47. b4 Be4 48. Re2 Bf4 49. Rb2 h5 50. Kd4 Bf5 51. Re2 Kb5 52. a3 h4 53.
Rxe3 Bxe3+ 54. Kxe3 Ka4 55. Kf3 Bd7 56. Kg2 Kxa3 57. b5 Bxb5 58. Kh3 Bf1+ 59.
Kxh4 1/2-1/2

[Event "Sparkassen-Open A"]
[Site "Heusenstamm, Martinsee"]
[Date "2019.11.23"]
[Round "4.31"]
[White "Agnello, Francesco Claudio"]
[Black "Boos, Markus"]
[Result "1/2-1/2"]
[WhiteElo "2040"]
[BlackElo "2165"]
[PlyCount "59"]
[EventDate "2019.??.??"]
[WhiteTeam "vereinslos/Leipzig"]
[BlackTeam "Elberfelder SG"]

1. e4 c5 2. Nf3 Nc6 3. Bb5 g6 4. Bxc6 dxc6 5. d3 Bg7 6. h3 Nf6 7. Nc3 Nd7 8.
Be3 e5 9. Qd2 Qe7 10. Bh6 f6 11. Nh2 g5 12. Bxg7 Qxg7 13. Nd1 Nf8 14. Ne3 Ng6
15. Nhf1 h5 16. Qc3 Qf8 17. Ng3 Nf4 18. h4 g4 19. O-O Ng6 20. Nef5 Bxf5 21.
Nxf5 Nf4 22. Rfe1 Rh7 23. Qc4 O-O-O 24. g3 Ng6 25. Reb1 Kb8 26. a3 Rhd7 27. b4
cxb4 28. Rxb4 Ka8 29. Rab1 Ne7 30. Nxe7 1/2-1/2

[Event "Sparkassen-Open A"]
[Site "Heusenstamm, Martinsee"]
[Date "2019.11.23"]
[Round "4.32"]
[White "Rolle, Eric"]
[Black "Schröder, Jürgen"]
[Result "1/2-1/2"]
[WhiteElo "2206"]
[BlackElo "2041"]
[PlyCount "134"]
[EventDate "2019.??.??"]
[WhiteTeam "SK Marburg"]
[BlackTeam "SC Matt im Park"]

1. e4 g6 2. Nc3 Bg7 3. g3 d6 4. Bg2 Nf6 5. Nge2 c6 6. a4 Nbd7 7. d4 e5 8. O-O
O-O 9. h3 Qc7 10. f4 Ne8 11. dxe5 dxe5 12. f5 b6 13. b3 f6 14. Ba3 Rf7 15. Qd2
Bf8 16. b4 Bb7 17. Nd1 a5 18. c4 axb4 19. Bxb4 Bxb4 20. Qxb4 Qd6 21. Qxd6 Nxd6
22. Ne3 Ba6 23. Rfd1 Nxc4 24. Nxc4 Bxc4 25. Nc3 Nc5 26. Rd6 Nb3 27. Rb1 Nd4 28.
Rxb6 Bb3 29. Bf1 Kg7 30. fxg6 hxg6 31. Ba6 Raa7 32. Kf2 Rfd7 33. Rxd7+ Rxd7 34.
Bb7 Ne6 35. Bxc6 Rd2+ 36. Ke3 Rb2 37. Bd5 Nd4 38. Rb7+ Kf8 39. a5 Rc2 40. Kd3
Bxd5 41. Nxd5 Ra2 42. Nxf6 Nc6 43. Rc7 Nxa5 44. Nd7+ Ke7 45. Ra7 Ke6 46. Nc5+
Kf6 47. Kc3 Ra3+ 48. Kc2 Nc4 49. Rxa3 Nxa3+ 50. Kb3 Nb5 51. Kc4 Nd4 52. Kd5 Ne2
53. Nd7+ Kg5 54. h4+ Kg4 55. Nxe5+ Kh5 56. Nxg6 Kxg6 57. g4 Nf4+ 58. Kd6 Ng2
59. h5+ Kg5 60. e5 Ne3 61. e6 Nxg4 62. e7 Nf6 63. Ke6 Ne8 64. Kf7 Nc7 65. Kg7
Kxh5 66. Kf7 Kg5 67. e8=B Nxe8 1/2-1/2

[Event "Sparkassen-Open A"]
[Site "Heusenstamm, Martinsee"]
[Date "2019.11.23"]
[Round "4.33"]
[White "Steudel, Max"]
[Black "Asadzade, Idris"]
[Result "1-0"]
[WhiteElo "1912"]
[BlackElo "2166"]
[PlyCount "97"]
[EventDate "2019.??.??"]
[WhiteTeam "SC Brett vorm Kopp"]
[BlackTeam "Königsspringer Leverkusen"]

1. e4 c5 2. Nf3 d6 3. Bb5+ Nd7 4. c3 Ngf6 5. Qe2 a6 6. Ba4 g6 7. O-O Bg7 8. Bc2
O-O 9. d4 Nb6 10. h3 Qc7 11. Be3 Bd7 12. Bd3 c4 13. Bc2 Ba4 14. Bxa4 Nxa4 15.
Qc2 b5 16. Nbd2 Nb6 17. Rfe1 Nfd7 18. Nf1 h6 19. Ng3 e6 20. h4 f5 21. Qd2 fxe4
22. Nxe4 d5 23. Ng3 Kh7 24. Qc2 Rf6 25. h5 Nf8 26. Ne5 Nbd7 27. hxg6+ Nxg6 28.
Nh5 Ndxe5 29. Nxf6+ Bxf6 30. dxe5 Bxe5 31. g3 Rf8 32. f4 Bd6 33. Kg2 Rf5 34.
Rh1 d4 35. cxd4 Qc6+ 36. Kg1 Qf3 37. Qf2 Qe4 38. Re1 e5 39. Qg2 Qxg2+ 40. Kxg2
exf4 41. Bxf4 Bxf4 42. gxf4 Nxf4+ 43. Kg3 Kg6 44. Rh4 Nh5+ 45. Kg4 Nf6+ 46. Kg3
Kg5 47. Re5 Rxe5 48. dxe5 Ng8 49. Rg4+ 1-0

[Event "Sparkassen-Open A"]
[Site "Heusenstamm, Martinsee"]
[Date "2019.11.23"]
[Round "4.34"]
[White "Henrich, Thomas"]
[Black "Schmidbauer, Frank"]
[Result "0-1"]
[WhiteElo "2163"]
[BlackElo "2040"]
[PlyCount "54"]
[EventDate "2019.??.??"]
[WhiteTeam "SK Marburg"]
[BlackTeam "SV Wollishofen Zürich"]

1. e4 d6 2. d4 Nf6 3. Nc3 e5 4. Nf3 Nbd7 5. Bc4 Be7 6. O-O Nb6 7. Bb3 exd4 8.
Qxd4 O-O 9. a4 a5 10. Bf4 Nfd7 11. Rfd1 Nc5 12. Bc4 Nxc4 13. Qxc4 Be6 14. Qe2
Qc8 15. Nd4 Bf6 16. Qe3 Re8 17. Ndb5 Nd7 18. Bg5 Bxg5 19. Qxg5 f6 20. Qh4 Qd8
21. f4 Rc8 22. Rd3 Nc5 23. Rg3 f5 24. Qh6 Qe7 25. exf5 Bxf5 26. Nd5 Qf7 27. Qg5
Ne4 0-1

[Event "Sparkassen-Open A"]
[Site "Heusenstamm, Martinsee"]
[Date "2019.11.23"]
[Round "4.35"]
[White "Artola Pola, Gerardo"]
[Black "Gallasch, Jonas"]
[Result "1-0"]
[WhiteElo "2006"]
[BlackElo "2160"]
[PlyCount "107"]
[EventDate "2019.??.??"]
[WhiteTeam "Frankfurter TV"]
[BlackTeam "SG Porz"]

1. e4 c5 2. g3 d5 3. exd5 Qxd5 4. Nf3 Bg4 5. Bg2 Nc6 6. h3 Bh5 7. O-O Nf6 8.
Nc3 Qd7 9. d3 e6 10. Be3 Be7 11. Re1 O-O 12. a4 Rac8 13. b3 Rfd8 14. g4 Bg6 15.
Bf4 Bd6 16. Ne5 Bxe5 17. Bxe5 Nd5 18. Nxd5 exd5 19. Bg3 f6 20. f4 Re8 21. Qd2
d4 22. Rxe8+ Rxe8 23. Re1 Rxe1+ 24. Qxe1 Nb4 25. f5 Bf7 26. Qe2 b6 27. Bf4 h6
28. Kf2 Kf8 29. Ke1 Bd5 30. Kd2 Kf7 31. Bf3 a6 32. h4 b5 33. axb5 axb5 34. Be4
Nc6 35. g5 hxg5 36. hxg5 fxg5 37. Bxg5 Bxe4 38. dxe4 Ne5 39. Bf4 Qc7 40. Qh5+
Kf8 41. Qh8+ Kf7 42. Qh5+ Kf8 43. Kd1 Ke7 44. Bg5+ Kd6 45. Qe8 Qd7 46. Qb8+ Qc7
47. Qf8+ Kc6 48. Qa8+ Kd7 49. Bf4 Qd6 50. Qb7+ Kd8 51. Qxg7 d3 52. Qxe5 dxc2+
53. Kxc2 Qa6 54. Qd6+ 1-0

[Event "Sparkassen-Open A"]
[Site "Heusenstamm, Martinsee"]
[Date "2019.11.23"]
[Round "4.36"]
[White "Richter, Gerald"]
[Black "van der Valk, Niklas"]
[Result "0-1"]
[WhiteElo "2024"]
[BlackElo "2133"]
[PlyCount "96"]
[EventDate "2019.??.??"]
[WhiteTeam "Siegener SV"]
[BlackTeam "SG Trier"]

1. d4 Nf6 2. c4 e6 3. Nf3 Bb4+ 4. Nbd2 O-O 5. a3 Be7 6. e4 d6 7. Bd3 e5 8. d5
a5 9. b3 Nh5 10. h3 Nf4 11. Bf1 f5 12. g3 fxe4 13. Nxe4 Bf5 14. Nfd2 Ng6 15. h4
Qc8 16. h5 Nh8 17. Be2 Na6 18. g4 Bd7 19. f3 c6 20. Nf1 cxd5 21. cxd5 b5 22.
Be3 Qb7 23. Qd3 Nc7 24. O-O-O Be8 25. Bg5 Na6 26. Ne3 Rc8+ 27. Kb2 Nc5 28. Nxc5
Rxc5 29. Bxe7 Qxe7 30. Rc1 Rxc1 31. Rxc1 Bd7 32. Rc7 Qd8 33. Qc2 Nf7 34. Rb7 e4
35. fxe4 Ne5 36. Nf5 Qf6 37. Ka2 g6 38. hxg6 hxg6 39. Nd4 Qf2 40. Qb2 Qg2 41.
Bf3 Qg3 42. Rxd7 Nxd7 43. Ne6 Rf7 44. Be2 Qe1 45. b4 axb4 46. axb4 Ne5 47. Qc2
Ra7+ 48. Kb3 Qg3+ 0-1

[Event "Sparkassen-Open A"]
[Site "Heusenstamm, Martinsee"]
[Date "2019.11.23"]
[Round "4.37"]
[White "Özdemir, Ali Özden"]
[Black "Spilles, Matthias"]
[Result "0-1"]
[WhiteElo "2017"]
[BlackElo "2074"]
[PlyCount "30"]
[EventDate "2019.??.??"]
[WhiteTeam "SK Langen"]
[BlackTeam "Brühler SK"]

1. e4 e6 2. d3 d5 3. Qe2 dxe4 4. dxe4 e5 5. Nf3 Nd7 6. g3 Ngf6 7. Bg2 Bc5 8.
O-O O-O 9. Nc3 c6 10. Be3 Qe7 11. Nd2 b6 12. f3 Ba6 13. Qf2 Bxe3 14. Qxe3 Bxf1
15. Nxf1 Qc5 0-1

[Event "Sparkassen-Open A"]
[Site "Heusenstamm, Martinsee"]
[Date "2019.11.23"]
[Round "4.38"]
[White "Eckert, Marius"]
[Black "Chassard, Cedric"]
[Result "0-1"]
[WhiteElo "2086"]
[BlackElo "2037"]
[PlyCount "72"]
[EventDate "2019.??.??"]
[WhiteTeam "SV Waltrop"]
[BlackTeam "SV Riegelsberg"]

1. d4 Nf6 2. Bf4 d5 3. e3 c5 4. c3 Nc6 5. Nd2 e6 6. Ngf3 Bd6 7. Bg3 O-O 8. Bd3
b6 9. e4 Be7 10. e5 Nh5 11. Ng5 Bxg5 12. Qxh5 g6 13. Qe2 cxd4 14. h4 Bh6 15. h5
dxc3 16. bxc3 Bg7 17. hxg6 hxg6 18. Bh4 Qc7 19. f4 f6 20. Bxg6 fxe5 21. Qh5
Rxf4 22. Qh7+ Kf8 23. g3 Rf5 24. g4 Rf4 25. Bg5 Ne7 26. Bh5 Qxc3 27. Bxe7+ Kxe7
28. Qxg7+ Kd6 29. Rb1 Qe3+ 30. Kd1 Rf2 31. Rb2 Ba6 32. Re1 Be2+ 33. Kc1 Rc8+
34. Rc2 Rxc2+ 35. Kxc2 Qd3+ 36. Kc1 Qc3+ 0-1

[Event "Sparkassen-Open A"]
[Site "Heusenstamm, Martinsee"]
[Date "2019.11.23"]
[Round "4.39"]
[White "Gramb, Marius"]
[Black "Weiss, Matthias"]
[Result "1/2-1/2"]
[WhiteElo "2120"]
[BlackElo "2036"]
[PlyCount "143"]
[EventDate "2019.??.??"]
[WhiteTeam "Brühler SK"]
[BlackTeam "SF Schöneck"]

1. e4 c5 2. c3 d5 3. exd5 Qxd5 4. d4 e6 5. Nf3 Nf6 6. Na3 Qd8 7. Nc2 Nc6 8. Bd3
Be7 9. O-O O-O 10. Qe2 a6 11. dxc5 Bxc5 12. Bg5 Be7 13. Rad1 Qc7 14. Ncd4 Nxd4
15. Nxd4 Re8 16. Rfe1 Bd7 17. Qf3 Rad8 18. Bf4 Qc8 19. Rd2 Nd5 20. Be5 Bf6 21.
Qh3 h6 22. Qg3 Bxe5 23. Qxe5 Qc7 24. Nf3 Qxe5 25. Nxe5 Bc8 26. Red1 Kf8 27. Be4
Ke7 28. c4 Nf6 29. Bf3 Rxd2 30. Rxd2 b6 31. b4 Bd7 32. Kf1 Rd8 33. Ke1 Be8 34.
Rxd8 Kxd8 35. Bb7 a5 36. a3 Kc7 37. Bf3 Nd7 38. Nd3 f6 39. Kd2 e5 40. Be4 Nf8
41. f4 Nd7 42. fxe5 Nxe5 43. Nxe5 fxe5 44. h4 Bf7 45. c5 bxc5 46. bxc5 Be6 47.
Kd3 Ba2 48. Ke3 Bb3 49. Bf3 Bc2 50. Bd5 Bb1 51. Kf3 Bc2 52. Kg4 Bd3 53. Kf3 Bc2
54. Ke3 Bb1 55. g3 Bc2 56. Kd2 Bb1 57. Kc3 Bf5 58. Kc4 Bd7 59. Be4 Bc6 60. Bf5
Bf3 61. Bc2 Bc6 62. Kd3 Bg2 63. Kc4 Bc6 64. Bg6 Bf3 65. Bf7 Bg2 66. Bh5 Bc6 67.
Kd3 Bd5 68. Be8 Kd8 69. Bb5 Kc7 70. Ke3 Kb7 71. Kd3 Kc7 72. Ke3 1/2-1/2

[Event "Sparkassen-Open A"]
[Site "Heusenstamm, Martinsee"]
[Date "2019.11.23"]
[Round "4.40"]
[White "Englert, Jon"]
[Black "Zweschper, Erich"]
[Result "0-1"]
[WhiteElo "2117"]
[BlackElo "2029"]
[PlyCount "62"]
[EventDate "2019.??.??"]
[WhiteTeam "TV-Großostheim"]
[BlackTeam "SV Kelsterbach"]

1. d4 d5 2. c4 c6 3. Nf3 Nf6 4. g3 Bf5 5. Bg2 dxc4 6. Nc3 e6 7. Ne5 Nbd7 8.
Nxc4 Nb6 9. Ne5 Nbd5 10. O-O Be7 11. Re1 Bg6 12. e4 Nxc3 13. bxc3 Nd7 14. Nxg6
hxg6 15. Rb1 b6 16. d5 Rc8 17. dxe6 fxe6 18. Qg4 Nf8 19. e5 Qd3 20. Be4 Qxc3
21. Bb2 Qa5 22. Bxg6+ Nxg6 23. Qxg6+ Kd7 24. Red1+ Kc7 25. Qxe6 Bc5 26. Rd7+
Kb8 27. Rxg7 Bxf2+ 28. Kg2 Bc5 29. Rd1 Qa4 30. Qg4 Qc2+ 31. Kf1 Qf2# 0-1

[Event "Sparkassen-Open A"]
[Site "Heusenstamm, Martinsee"]
[Date "2019.11.23"]
[Round "4.41"]
[White "Papadopoulos, Ioannis"]
[Black "Seewi, Joram"]
[Result "0-1"]
[WhiteElo "1944"]
[BlackElo "2108"]
[PlyCount "92"]
[EventDate "2019.??.??"]
[WhiteTeam "SV Oberursel"]
[BlackTeam "SG Kalker/Deutzer"]

1. e4 Nc6 2. Nf3 e5 3. Bc4 g6 4. d4 exd4 5. Nxd4 Bg7 6. Be3 Qf6 7. c3 Qe7 8.
Nd2 Ne5 9. Be2 d6 10. O-O Nf6 11. h3 O-O 12. Qc2 c5 13. Nb5 a6 14. Na3 b5 15.
f4 Ned7 16. Bf3 Nd5 17. Bxc5 Nxc5 18. exd5 Qe3+ 19. Kh1 Bf5 20. Qd1 Rfe8 21.
Nc2 Bxc2 22. Qxc2 Qxf4 23. Bg4 Qg3 24. Rf3 Re1+ 25. Rxe1 Qxe1+ 26. Rf1 Qg3 27.
Rf3 Qh4 28. b4 Na4 29. Bd7 Ra7 30. Bc6 Re7 31. Nf1 Qe1 32. c4 Re2 33. Qd3 Nb2
34. Qa3 Nxc4 35. Qxa6 Rf2 36. Qc8+ Bf8 37. Rxf2 Qxf2 38. Bxb5 Qxf1+ 39. Kh2
Qf4+ 40. Kg1 Qc1+ 41. Kh2 Qf4+ 42. Kg1 Ne3 43. Qb7 Qg3 44. Bf1 Nd1 45. Qb5 Qf2+
46. Kh1 Ne3 0-1

[Event "Sparkassen-Open A"]
[Site "Heusenstamm, Martinsee"]
[Date "2019.11.23"]
[Round "4.42"]
[White "Buchholz, Maja"]
[Black "Hinrichs, Niklas"]
[Result "0-1"]
[WhiteElo "1552"]
[BlackElo "2105"]
[PlyCount "120"]
[EventDate "2019.??.??"]
[WhiteTeam "SK Langen"]
[BlackTeam "SK Bingen"]

1. d4 d5 2. c4 c6 3. cxd5 cxd5 4. Bf4 Nf6 5. e3 Nc6 6. Nc3 e6 7. Bd3 Bd6 8.
Bxd6 Qxd6 9. Nf3 O-O 10. O-O a6 11. Na4 Bd7 12. a3 Na5 13. Nc5 b6 14. Nxa6 Rxa6
15. Bxa6 b5 16. b4 Nc4 17. Bxb5 Bxb5 18. Qb3 Ne4 19. Rfd1 Ra8 20. a4 Qa6 21. a5
Rb8 22. Ra2 Ned6 23. Nd2 Nxd2 24. Raxd2 Bc4 25. Qa3 Be2 26. Rxe2 Qxe2 27. Ra1
Qa6 28. h3 Nc4 29. Qa4 Rb5 30. Kh2 Kf8 31. g3 Ke7 32. Kg2 Kd6 33. Ra2 Rb8 34.
Ra1 Qb5 35. Qxb5 Rxb5 36. a6 Rb8 37. a7 Ra8 38. b5 Kc7 39. e4 Kb6 40. exd5 exd5
41. Kf3 Rxa7 42. Rxa7 Kxa7 43. Kf4 Kb6 44. g4 Kxb5 45. h4 Kc6 46. h5 Kd6 47.
Kf5 Ke7 48. f3 f6 49. Kf4 g5+ 50. hxg6 hxg6 51. g5 f5 52. Kg3 Kd6 53. Kf2 Kc6
54. Ke2 Nd6 55. f4 Nf7 56. Kd2 Nd8 57. Ke2 Ne6 58. Ke3 Kb5 59. Kd3 Nxf4+ 60.
Ke3 Ne6 0-1